000 00167nam a2200085Ia 4500
100 _a#N/A
942 _cBK
245 _aTraining Instruments in HRD AND OD
260 _b#N/A
999 _c31712
_d31712